Contabilidad básica
Gespeichert in:
| Hauptverfasser: | , |
|---|---|
| Format: | Buch |
| Sprache: | Spanisch |
| Veröffentlicht: |
Santiago
SOELCO
1995
|
| Ausgabe: | 6a. ed |
| Schlagworte: | |
| Tags: |
Tag hinzufügen
Keine Tags, Fügen Sie den ersten Tag hinzu!
|
MARC
| LEADER | 00000nam a2200000 a 4500 | ||
|---|---|---|---|
| 001 | UCT5591 | ||
| 003 | CL-VaPUC | ||
| 008 | 961216e19950000CL |||||||||||||||||spa|d | ||
| 082 | 0 | 4 | |a 657.042 |b BOS |2 21 |
| 100 | 0 | |a Bosch Bousquet, Julio |e author |9 375149 | |
| 700 | 0 | |a Vargas Valdivia, Luis |e author |9 375150 | |
| 245 | 1 | 0 | |a Contabilidad básica |
| 250 | |a 6a. ed | ||
| 300 | |a 173 p | ||
| 942 | |c BK | ||
| 945 | |d 19961216 00:00:00 |a nastorga | ||
| 260 | |a Santiago |b SOELCO |c 1995 | ||
| 650 | 0 | |a Contabilidad |9 261430 | |
| 650 | 7 | |a ESTADOS FINANCIEROS |2 CL-VaPUC |9 375151 | |
| 650 | 7 | |a CUENTAS |2 CL-VaPUC |9 375152 | |
| 650 | 0 | |a Ventas |9 259323 | |
| 583 | |a last modification |c 19961216 00:00:00 |k Rodrigo Vera | ||
| 999 | |c 254490 |d 254488 | ||
| 952 | |0 0 |1 0 |4 0 |6 657_042000000000000_BOS_1995 |7 0 |8 A |9 276191 |a BIBGIM |b BIBGIM |d 2019-11-19 |i 3259897 |l 2 |o 657.042 BOS 1995 |p 3259897 |q 2025-04-02 |r 2025-03-18 |s 2025-03-18 |w 2019-11-19 |y BK |k COM | ||